|
|
|
|
| LEADER |
00000nam0a2200000 4500 |
| 001 |
274973 |
| 005 |
20231101234759.0 |
| 020 |
|
|
|a RU
|b 85-57019ж
|
| 035 |
|
|
|a (RuTPU)RU\TPU\book\298202
|
| 035 |
|
|
|a RU\TPU\book\154303
|
| 090 |
|
|
|a 274973
|
| 100 |
|
|
|a 20141111d1985 k y0rusy5003 ca
|
| 101 |
0 |
|
|a rus
|
| 102 |
|
|
|a RU
|
| 105 |
|
|
|a a z 001zy
|
| 200 |
1 |
|
|a Электроакустика и применение акустических методов в технике
|e сборник научных трудов
|f Ленинградский электротехнический институт (ЛЭТИ) ; гл. ред. А. Е. Колесников
|
| 210 |
|
|
|a Ленинград
|c Изд-во ЛЭТИ
|d 1985
|
| 215 |
|
|
|a 115 с.
|c ил.
|
| 225 |
1 |
|
|a Известия Ленинградского электротехнического института (ЛЭТИ)
|v Вып. 355
|
| 320 |
|
|
|a Библиография в конце статей
|
| 606 |
1 |
|
|a Электроакустика
|2 stltpush
|3 (RuTPU)RU\TPU\subj\19712
|9 44885
|
| 610 |
1 |
|
|a сборники
|
| 610 |
1 |
|
|a акустические методы
|
| 610 |
1 |
|
|a антенны
|
| 610 |
1 |
|
|a ультразвуковая дефектоскопия
|
| 610 |
1 |
|
|a преобразователи
|
| 610 |
1 |
|
|a акустические сигналы
|
| 610 |
1 |
|
|a оптика
|
| 610 |
1 |
|
|a прикладная акустика
|
| 675 |
|
|
|a 534.86
|v 4
|
| 702 |
|
1 |
|a Колесников
|b А. Е.
|4 651
|
| 712 |
0 |
2 |
|a Ленинградский электротехнический институт (ЛЭТИ)
|2 stltpush
|3 (RuTPU)RU\TPU\col\289
|
| 801 |
|
0 |
|a RU
|b RuMRKP
|c 19950704
|g psbo
|
| 801 |
|
1 |
|a RU
|b 63413507
|c 20080905
|g PSBO
|
| 801 |
|
2 |
|a RU
|b 63413507
|c 20170124
|g PSBO
|
| 942 |
|
|
|c BK
|